000 00645nam a2200181Ia 4500
008 100920s9999 xx 000 0 und d
082 _b5881
_a200 थ 56
100 _aसंपादक-जोशी काशिनाथ अनंत.
245 _aसंपूर्ण चातुर्मास.
260 _bजोशी का. अ., पुणें.
_c1956
300 _a248
_bसाधी
365 _b2
520 _aधार्मिक.
630 _aसंपूर्ण चातुर्मास.
650 _aधार्मिक.
730 _aसंपूर्ण चातुर्मास.
942 _cBOOK
999 _c674631
_d674628